<?xml version="1.0" encoding="UTF-8"?>
<collection xmlns="http://www.loc.gov/MARC21/slim">
<record>
  <controlfield tag="001">146043</controlfield>
  <controlfield tag="005">20241122150934.0</controlfield>
  <datafield tag="037" ind1=" " ind2=" ">
    <subfield code="a">TAZ-TFM-2023-228</subfield>
  </datafield>
  <datafield tag="041" ind1=" " ind2=" ">
    <subfield code="a">spa</subfield>
  </datafield>
  <datafield tag="100" ind1="1" ind2=" ">
    <subfield code="a">Valero Vicente, Andrés</subfield>
  </datafield>
  <datafield tag="242" ind1="0" ind2="0">
    <subfield code="a">A case of queenship in the origins of the crown of Aragon: Queen Sancha and the monastery of Santa Maria Sigena (1180-1210)</subfield>
  </datafield>
  <datafield tag="245" ind1="0" ind2="0">
    <subfield code="a">Un caso de reginalidad en los orígenes de la Corona de Aragón: la reina Sancha y el monasterio de Santa María de Sigena (1180-1210)</subfield>
  </datafield>
  <datafield tag="260" ind1=" " ind2=" ">
    <subfield code="a">Zaragoza</subfield>
    <subfield code="b">Universidad de Zaragoza</subfield>
    <subfield code="c">2023</subfield>
  </datafield>
  <datafield tag="500" ind1=" " ind2=" ">
    <subfield code="a">Apota a secretaria de la Facultad de Filosofía y letras, y a la del departamento correspondiente, el material por correo electrónico, a´si como todo lo solicitado para el deposito del TFM según instrucciones de la Universidad de Zaragoza.-</subfield>
  </datafield>
  <datafield tag="506" ind1=" " ind2=" ">
    <subfield code="a">by-nc-sa</subfield>
    <subfield code="b">Creative Commons</subfield>
    <subfield code="c">3.0</subfield>
    <subfield code="u">http://creativecommons.org/licenses/by-nc-sa/3.0/</subfield>
  </datafield>
  <datafield tag="520" ind1=" " ind2=" ">
    <subfield code="a">Resumen:&lt;br />La historiografía actual, sin dejar de lado los estudios dedicados a las féminas en ambientes más cotidianos, propios de grupos no privilegiados, está prestando bastante atención a un aspecto muy interesante y revelador. Hablamos sobre el papel que jugaron las mujeres, en este caso nobles y reinas, en los diferentes espacios de poder durante la Edad Media.&lt;br />El término que designa el tipo de estudios se conoce en inglés con el nombre de Queenship.  Debido a la falta de un vocablo en castellano que definiera tal concepto, ese ha propuesto, por parte de algunos historiadores del ámbito hispano, la expresión reginalidad.&lt;br />En un primer lugar, estudiaremos ese novedoso aspecto desde un punto de vista etimológico, para, a continuación, explicar el concepto de reginalidad y sus diferentes expresiones. Analizaremos, en segundo lugar, el ejercicio de la actividad política de la mujer en esos ámbitos de autoridad regia durante el medievo, con especial atención al último tercio del siglo XII y principios del siglo XIII.&lt;br />No obstante, el trabajo que presentamos adolecería de falta de contenido si dejáramos de lado un análisis más concreto de algún agente femenino, al cual pudiéramos ponerle nombre y apellidos, y así identificarla con ese concepto que hemos citado y que trataremos a lo largo del presente trabajo académico. Ese personaje será la reina Sancha de Aragón (1154-1208).&lt;br />Palabras clave:&lt;br />Edad Media, reginalidad, Sancha de Aragón, monasterio de Sigena&lt;br />&lt;br /></subfield>
  </datafield>
  <datafield tag="521" ind1=" " ind2=" ">
    <subfield code="a">Máster Universitario en Investigación y Estudios Avanzados en Historia</subfield>
  </datafield>
  <datafield tag="540" ind1=" " ind2=" ">
    <subfield code="a">Derechos regulados por licencia Creative Commons</subfield>
  </datafield>
  <datafield tag="700" ind1=" " ind2=" ">
    <subfield code="a">Laliena Corbera, Carlos</subfield>
    <subfield code="e">dir.</subfield>
  </datafield>
  <datafield tag="710" ind1="2" ind2=" ">
    <subfield code="a">Universidad de Zaragoza</subfield>
    <subfield code="b">Historia</subfield>
    <subfield code="c"></subfield>
  </datafield>
  <datafield tag="856" ind1="0" ind2=" ">
    <subfield code="f">436880@celes.unizar.es</subfield>
  </datafield>
  <datafield tag="856" ind1="4" ind2=" ">
    <subfield code="s">1799290</subfield>
    <subfield code="u">http://zaguan.unizar.es/record/146043/files/TAZ-TFM-2023-228.pdf</subfield>
    <subfield code="y">Memoria (spa)</subfield>
  </datafield>
  <datafield tag="909" ind1="C" ind2="O">
    <subfield code="o">oai:zaguan.unizar.es:146043</subfield>
    <subfield code="p">driver</subfield>
    <subfield code="p">trabajos-fin-master</subfield>
  </datafield>
  <datafield tag="950" ind1=" " ind2=" ">
    <subfield code="a"></subfield>
  </datafield>
  <datafield tag="980" ind1=" " ind2=" ">
    <subfield code="a">TAZ</subfield>
    <subfield code="b">TFM</subfield>
    <subfield code="c">FFYL</subfield>
  </datafield>
  <datafield tag="999" ind1=" " ind2=" ">
    <subfield code="a">20230605130103.CREATION_DATE</subfield>
  </datafield>
  <datafield tag="951" ind1=" " ind2=" ">
    <subfield code="a">deposita:2024-11-22</subfield>
  </datafield>
</record>
</collection>